Normal view
MARC view
- Umar Hassain | Hamza Iqtadar | Umer Ahmad Mehtab
Entry Personal Name
001 - CONTROL NUMBER
- control field: 5609
003 - CONTROL NUMBER IDENTIFIER
- control field: NUST
005 - DATE AND TIME OF LATEST TRANSACTION
- control field: 20171024161521.0
008 - FIXED-LENGTH DATA ELEMENTS
- fixed length control field: 171024|| aca||aabn | a|a d
040 ## - CATALOGING SOURCE
- Original cataloging agency: NUST
- Transcribing agency: NUST
100 ## - HEADING--PERSONAL NAME
- Personal name: Umar Hassain | Hamza Iqtadar | Umer Ahmad Mehtab
670 ## - SOURCE DATA FOUND
- Source citation: Work cat.: (NUST): Umar Hassain | Hamza Iqtadar | Umer Ahmad Mehtab, Standard electronic health information management and analysis system, 2017
